[Event "Ukraine Chess Championship-2017 U20 G"]
[Site "Lviv"]
[Date "2017.02.21"]
[Round "1.1"]
[White "Osmak, Iulija"]
[Black "Vasilenko, Ekaterina"]
[Result "1-0"]
[WhiteElo "2343"]
[BlackElo "1753"]
[PlyCount "65"]
[EventDate "2017.02.21"]
[EventType "swiss"]
[EventRounds "9"]
[EventCountry "UKR"]

1. e4 e6 2. d4 d5 3. e5 c5 4. c3 Nc6 5. Nf3 Qb6 6. a3 Nh6 7. b4 cxd4 8. Bxh6
gxh6 9. cxd4 Bg7 10. Ra2 O-O 11. Be2 f6 12. exf6 Bxf6 13. Rd2 Bd7 14. O-O Rac8
15. Rd3 Bg7 16. Nc3 Kh8 17. Qd2 a5 18. Na4 Qd8 19. Re3 b6 20. Bb5 Rxf3 21. Rxf3
Nxd4 22. Bxd7 Rc2 23. Qd1 Qxd7 24. Nxb6 Nxf3+ 25. Qxf3 Qc7 26. bxa5 Rc3 27. Qg4
Qc6 28. Qb4 Rc1 29. g3 Kg8 30. a6 Rxf1+ 31. Kxf1 Qc7 32. Qa4 Qa7 33. Nc8 1-0

[Event "Ukraine Chess Championship-2017 U20 G"]
[Site "Lviv"]
[Date "2017.02.21"]
[Round "1.2"]
[White "Shumeyko, Anna"]
[Black "Martynkova, Olena"]
[Result "0-1"]
[WhiteElo "1750"]
[BlackElo "2202"]
[PlyCount "78"]
[EventDate "2017.02.21"]
[EventType "swiss"]
[EventRounds "9"]
[EventCountry "UKR"]

1. Nf3 Nf6 2. d4 c5 3. d5 b5 4. a4 b4 5. c4 bxc3 6. Nxc3 Ba6 7. g3 d6 8. Bg2
Nbd7 9. O-O g6 10. Re1 Bg7 11. e4 Ng4 12. Bf1 Bxf1 13. Rxf1 O-O 14. Qe2 Rb8 15.
Nd2 h5 16. h3 Ngf6 17. f4 Qc8 18. Kg2 Rb4 19. a5 Ne8 20. Ra2 Nc7 21. Ndb1 Nf6
22. Rd1 e6 23. Na3 exd5 24. Nc2 Rb8 25. exd5 Re8 26. Qd3 Na6 27. Be3 Nb4 28.
Nxb4 cxb4 29. Nb1 Nxd5 30. Bxa7 Nxf4+ 31. gxf4 Qb7+ 32. Kh2 Qxa7 33. b3 Re3 34.
Qd5 Rbe8 35. Rg2 Qd7 36. Rg3 Rxg3 37. Kxg3 Re3+ 38. Kf2 Rxh3 39. Qxd6 Qg4 0-1

[Event "Ukraine Chess Championship-2017 U20 G"]
[Site "Lviv"]
[Date "2017.02.21"]
[Round "1.3"]
[White "Berdnyk, Mariia"]
[Black "Tribushna, Hanna"]
[Result "0-1"]
[WhiteElo "2190"]
[BlackElo "1706"]
[PlyCount "146"]
[EventDate "2017.02.21"]
[EventType "swiss"]
[EventRounds "9"]
[EventCountry "UKR"]

1. e4 c5 2. Nf3 d6 3. d4 cxd4 4. Nxd4 Nf6 5. Nc3 a6 6. Bc4 e6 7. Bb3 Be7 8. O-O
O-O 9. f4 b5 10. f5 b4 11. Na4 e5 12. Nf3 Bb7 13. Re1 Nbd7 14. Ng5 Qa5 15. c3
bxc3 16. Nxc3 Nc5 17. Bd2 Nxb3 18. Qxb3 Rab8 19. Qc2 Rfc8 20. Rac1 h6 21. Nf3
Qc5+ 22. Kh1 Bf8 23. Qb1 Qb6 24. Be3 Qa5 25. Bf2 Ba8 26. Bh4 Nd7 27. Red1 Qb4
28. Rc2 Qb7 29. b3 Nb6 30. Qc1 f6 31. Bf2 Qd7 32. Nh4 Rc6 33. Ng6 Qc7 34. Bxb6
Rbxb6 35. Rdd2 Rb8 36. Nd5 Rxc2 37. Rxc2 Qa5 38. h3 Bb7 39. Rc7 Qb5 40. Qc3
Qf1+ 41. Kh2 Bxd5 42. exd5 Qxf5 43. Qg3 Qg5 44. h4 Qxg3+ 45. Kxg3 h5 46. Kf3 f5
47. Ke3 Ra8 48. b4 Kh7 49. Nxf8+ Rxf8 50. Rc6 Rb8 51. Rxd6 Rxb4 52. Rxa6 Rxh4
53. a4 Re4+ 54. Kf3 h4 55. a5 Rf4+ 56. Ke3 Re4+ 57. Kf2 Rf4+ 58. Ke2 Re4+ 59.
Kf2 Rf4+ 60. Kg1 Rg4 61. Kh2 Rd4 62. Rd6 Ra4 63. a6 Ra5 64. Kh3 Ra4 65. Re6 Ra5
66. Rd6 Ra4 67. Rb6 e4 68. d6 Ra3+ 69. Kh2 e3 70. d7 e2 71. Re6 Rxa6 72. d8=Q
Rxe6 73. Qxh4+ Rh6 0-1

[Event "Ukraine Chess Championship-2017 U20 G"]
[Site "Lviv"]
[Date "2017.02.22"]
[Round "2.1"]
[White "Svetlichnaia, Alena"]
[Black "Osmak, Iulija"]
[Result "0-1"]
[WhiteElo "1843"]
[BlackElo "2343"]
[PlyCount "154"]
[EventDate "2017.02.21"]
[EventType "swiss"]
[EventRounds "9"]
[EventCountry "UKR"]

1. e4 Nc6 2. Nf3 d6 3. d4 Bg4 4. Be2 Nf6 5. Nc3 g6 6. h3 Bxf3 7. gxf3 e6 8. Bg5
h6 9. Be3 d5 10. Qd2 a6 11. h4 Qd7 12. Rg1 O-O-O 13. O-O-O Kb8 14. Kb1 Qe7 15.
exd5 exd5 16. Na4 Qb4 17. Qxb4 Nxb4 18. Nc5 Be7 19. c3 Nc6 20. f4 h5 21. Nd3
Ne4 22. f3 Nd6 23. Bf2 Nf5 24. Rh1 f6 25. Rhg1 Rhg8 26. Ne1 Bd6 27. Ng2 Nce7
28. Rde1 c6 29. Bd3 Kc7 30. Re6 Rgf8 31. Rge1 Kd7 32. R6e2 Rg8 33. Re6 Rdf8 34.
R6e2 Rf7 35. Kc2 g5 36. fxg5 fxg5 37. hxg5 Rxg5 38. Nh4 Rg8 39. Nxf5 Nxf5 40.
Rh1 Rh8 41. Rh3 Ng7 42. Bh4 Ne6 43. Rf2 Rg8 44. Rh1 Nf4 45. Bf1 Be7 46. c4 Bxh4
47. Rxh4 Rg5 48. a4 Ke6 49. b4 Rg3 50. b5 axb5 51. axb5 Kf5 52. b6 Kg5 53. Rhh2
Ne6 54. f4+ Nxf4 55. Be2 h4 56. Rh1 Re7 57. Bf1 Re4 58. cxd5 cxd5 59. Bb5 Ne6
60. Bd7 Nxd4+ 61. Kd2 Nf3+ 62. Kc2 Rc4+ 63. Kd1 Rb4 64. Rhf1 Kf4 65. Be8 Rxb6
66. Bh5 Rb1+ 67. Kc2 Rxf1 68. Rxf1 Ke3 69. Bf7 d4 70. Bd5 d3+ 71. Kd1 b5 72.
Bxf3 Rxf3 73. Re1+ Kf2 74. Re5 h3 75. Rxb5 h2 76. Rh5 Kg2 77. Rg5+ Rg3 0-1

[Event "Ukraine Chess Championship-2017 U20 G"]
[Site "Lviv"]
[Date "2017.02.22"]
[Round "2.2"]
[White "Martynkova, Olena"]
[Black "Dvornitskaja, Elena"]
[Result "1-0"]
[WhiteElo "2202"]
[BlackElo "1836"]
[PlyCount "79"]
[EventDate "2017.02.21"]
[EventType "swiss"]
[EventRounds "9"]
[EventCountry "UKR"]

1. d4 Nf6 2. Nf3 d6 3. g3 Nbd7 4. Bg2 e5 5. O-O Be7 6. c4 O-O 7. Nc3 c6 8. e4
a6 9. h3 b5 10. cxb5 cxb5 11. a3 Bb7 12. d5 Nc5 13. Ne1 Ne8 14. Be3 Rc8 15. Nd3
Nxd3 16. Qxd3 Nf6 17. b4 Nd7 18. a4 a5 19. Nxb5 axb4 20. Qb3 Qa5 21. Bd2 Ba6
22. Qxb4 Qxb4 23. Bxb4 Rb8 24. Bd2 Nc5 25. Rfb1 Nxa4 26. Na7 Nc5 27. Rxb8 Rxb8
28. Nc6 Rb7 29. Bb4 Bb5 30. Bxc5 dxc5 31. Nxe7+ Rxe7 32. Bf1 Bd7 33. Ra7 Kf8
34. d6 Re6 35. Rxd7 Ke8 36. Bb5 g6 37. Ra7+ Kf8 38. Ra8+ Kg7 39. d7 Rd6 40.
d8=Q 1-0

[Event "Ukraine Chess Championship-2017 U20 G"]
[Site "Lviv"]
[Date "2017.02.22"]
[Round "2.3"]
[White "Barchuk, Irina"]
[Black "Sydoryak, Vira"]
[Result "1-0"]
[WhiteElo "2139"]
[BlackElo "1831"]
[PlyCount "85"]
[EventDate "2017.02.21"]
[EventType "swiss"]
[EventRounds "9"]
[EventCountry "UKR"]

1. e4 c5 2. Nf3 Nc6 3. d4 cxd4 4. Nxd4 g6 5. Nc3 Bg7 6. Be3 Nf6 7. Bc4 O-O 8.
Bb3 d6 9. f3 Nxd4 10. Bxd4 Be6 11. Qd2 Qa5 12. O-O-O Bxb3 13. cxb3 Rfc8 14. Kb1
b5 15. h4 b4 16. Nd5 Nxd5 17. Bxg7 Nc3+ 18. Bxc3 bxc3 19. bxc3 Rxc3 20. h5 Rb8
21. Qb2 Rbc8 22. hxg6 hxg6 23. Rd5 Qc7 24. Rd3 f6 25. Rxc3 Qxc3 26. Qxc3 Rxc3
27. Rc1 Rxc1+ 28. Kxc1 Kf7 29. Kd2 Ke6 30. Kd3 d5 31. b4 dxe4+ 32. Kxe4 Kd6 33.
a4 e5 34. g4 a6 35. b5 axb5 36. axb5 Kc5 37. g5 fxg5 38. Kxe5 Kxb5 39. Kf6 Kc5
40. Kxg6 Kd6 41. Kxg5 Ke7 42. Kg6 Ke8 43. Kf6 1-0

[Event "Ukraine Chess Championship-2017 U20 G"]
[Site "Lviv"]
[Date "2017.02.23"]
[Round "3.1"]
[White "Osmak, Iulija"]
[Black "Mats, Diana"]
[Result "1/2-1/2"]
[WhiteElo "2343"]
[BlackElo "2012"]
[Annotator ",Àäìèíèñòðàòîð"]
[PlyCount "85"]
[EventDate "2017.02.21"]
[EventType "swiss"]
[EventRounds "9"]
[EventCountry "UKR"]

1. d4 Nf6 2. Bf4 g6 3. e3 Bg7 4. Be2 d6 5. Nf3 O-O 6. h3 Nbd7 7. O-O c5 8. c3
b6 9. Nbd2 Bb7 10. a4 a6 11. Bh2 Rc8 12. Qb3 Rc7 13. Rfd1 Qa8 14. Rac1 h6 15.
Nh4 Bd5 16. Bc4 Rfc8 17. Bxd5 Qxd5 18. Nhf3 cxd4 19. Qxd5 Nxd5 20. exd4 b5 21.
Ra1 N5b6 22. axb5 axb5 23. Re1 Nf6 24. Ra5 b4 25. Rb5 bxc3 26. bxc3 Nc4 27.
Nxc4 Rxc4 28. Rxe7 Bf8 29. Ra7 Rxc3 30. Bf4 R3c7 31. Rxc7 Rxc7 32. Rb8 Nd7 33.
Ra8 Kg7 34. g4 Be7 35. Kg2 Nf6 36. Ra2 Ne4 37. Re2 f5 38. gxf5 gxf5 39. Ne1 Bg5
40. Bh2 Rc1 41. Nf3 Bf6 42. Bf4 Rd1 43. Be3 $11 1/2-1/2

[Event "Ukraine Chess Championship-2017 U20 G"]
[Site "Lviv"]
[Date "2017.02.23"]
[Round "3.2"]
[White "Grischenko, Kamila"]
[Black "Martynkova, Olena"]
[Result "0-1"]
[WhiteElo "1918"]
[BlackElo "2202"]
[PlyCount "84"]
[EventDate "2017.02.21"]
[EventType "swiss"]
[EventRounds "9"]
[EventCountry "UKR"]

1. e4 c5 2. Nf3 e6 3. d3 d5 4. Nbd2 Nf6 5. g3 g6 6. Bg2 Bg7 7. O-O O-O 8. Ng5
h6 9. Nh3 Nc6 10. f4 dxe4 11. Nxe4 Nxe4 12. Bxe4 Qb6 13. c3 Ne7 14. Nf2 Bd7 15.
Qb3 Qxb3 16. axb3 Bc6 17. Bxc6 Nxc6 18. Be3 b6 19. Ra6 Rac8 20. Ra4 Rfd8 21.
Rd1 Rd7 22. Kf1 f5 23. Ke2 Re8 24. h4 e5 25. Kf3 Rde7 26. Rd2 Nd4+ 27. Kg2 Nxb3
28. Rc2 exf4 29. Bxf4 Na5 30. Bd6 Re2 31. Rxe2 Rxe2 32. Bxc5 Rxb2 33. Bd4 Nc6
34. Bxg7 Kxg7 35. d4 a5 36. d5 Ne5 37. d6 Rd2 38. Rd4 Rxd4 39. cxd4 Nf7 40. d7
Kf6 41. Nd3 Ke7 42. Nf4 Kxd7 0-1

[Event "Ukraine Chess Championship-2017 U20 G"]
[Site "Lviv"]
[Date "2017.02.23"]
[Round "3.3"]
[White "Salah, Nadezhda"]
[Black "Barchuk, Irina"]
[Result "1/2-1/2"]
[WhiteElo "1904"]
[BlackElo "2139"]
[Annotator ",Àäìèíèñòðàòîð"]
[PlyCount "62"]
[EventDate "2017.02.21"]
[EventType "swiss"]
[EventRounds "9"]
[EventCountry "UKR"]

1. d4 Nf6 2. c4 e6 3. Nf3 Bb4+ 4. Bd2 Bxd2+ 5. Qxd2 b6 6. Nc3 Bb7 7. g3 O-O 8.
Bg2 d6 9. O-O Ne4 10. Nxe4 Bxe4 11. Ng5 Bxg2 12. Kxg2 h6 13. Nf3 c5 14. dxc5
dxc5 15. Qc3 Nc6 16. Ne5 Qc7 17. Nxc6 Qxc6+ 18. Qf3 Qxf3+ 19. Kxf3 Rfd8 20.
Rfd1 Kf8 21. Ke4 Ke7 22. b3 a6 23. a4 Rab8 24. Rac1 Rxd1 25. Rxd1 b5 26. axb5
axb5 27. Rc1 bxc4 28. Rxc4 Rxb3 29. Rxc5 Rb2 30. Kf3 Rb3+ 31. Ke4 Rb2 $11
1/2-1/2

[Event "Ukraine Chess Championship-2017 U20 G"]
[Site "Lviv"]
[Date "2017.02.23"]
[Round "4.1"]
[White "Martynkova, Olena"]
[Black "Osmak, Iulija"]
[Result "1/2-1/2"]
[WhiteElo "2202"]
[BlackElo "2343"]
[Annotator ",Àäìèíèñòðàòîð"]
[PlyCount "92"]
[EventDate "2017.02.21"]
[EventType "swiss"]
[EventRounds "9"]
[EventCountry "UKR"]

1. d4 d5 2. c4 c6 3. Nf3 Nf6 4. Nc3 dxc4 5. a4 Bf5 6. e3 e6 7. Bxc4 Bb4 8. O-O
O-O 9. Qe2 Nbd7 10. e4 Bg6 11. Bd3 Bh5 12. e5 Nd5 13. Nxd5 cxd5 14. Qe3 Be7 15.
Ng5 Bxg5 16. Qxg5 Bg6 17. Bxg6 fxg6 18. Qxd8 Raxd8 19. Be3 Rc8 20. Rfc1 Nb8 21.
Rxc8 Rxc8 22. Rc1 Rc4 23. b3 Rxc1+ 24. Bxc1 Nc6 25. Bb2 Na5 26. b4 Nc4 27. Bc3
Kf7 28. g4 Ke7 29. Kg2 Kd7 30. f4 g5 31. f5 exf5 32. gxf5 Ne3+ 33. Kf3 Nxf5 34.
Kg4 Ke6 35. Kxg5 Ne7 36. h4 h6+ 37. Kg4 g6 38. h5 g5 39. b5 Nf5 40. Kf3 a6 41.
bxa6 bxa6 42. Bb2 Ng7 43. Kg4 Nf5 44. Kf3 Ng7 45. Kg4 Nf5 46. Kf3 Ng7 1/2-1/2

[Event "Ukraine Chess Championship-2017 U20 G"]
[Site "Lviv"]
[Date "2017.02.23"]
[Round "4.3"]
[White "Mats, Diana"]
[Black "Salah, Nadezhda"]
[Result "1/2-1/2"]
[WhiteElo "2012"]
[BlackElo "1904"]
[PlyCount "28"]
[EventDate "2017.02.21"]
[EventType "swiss"]
[EventRounds "9"]
[EventCountry "UKR"]

1. d4 Nf6 2. c4 d6 3. Nc3 Bf5 4. f3 e5 5. d5 e4 6. g4 Nxg4 7. fxg4 Qh4+ 8. Kd2
e3+ 9. Kxe3 Qg5+ 10. Kf2 Qh4+ 11. Ke3 Qg5+ 12. Kf2 Qh4+ 13. Ke3 Qg5+ 14. Kf2
Qh4+ $11 1/2-1/2

[Event "Ukraine Chess Championship-2017 U20 G"]
[Site "Lviv"]
[Date "2017.02.24"]
[Round "5.1"]
[White "Bezkorovaina, Mariia"]
[Black "Martynkova, Olena"]
[Result "1/2-1/2"]
[WhiteElo "2125"]
[BlackElo "2202"]
[PlyCount "106"]
[EventDate "2017.02.21"]
[EventType "swiss"]
[EventRounds "9"]
[EventCountry "UKR"]

1. d4 c5 2. c3 Nf6 3. Nf3 e6 4. Bf4 d5 5. e3 Nc6 6. Bb5 Qb6 7. Qe2 Be7 8. O-O
O-O 9. Ne5 Nxe5 10. Bxe5 c4 11. Bxf6 Bxf6 12. Ba4 g6 13. f4 Qa5 14. Bc2 b5 15.
a3 Qb6 16. Nd2 a5 17. e4 dxe4 18. Bxe4 Bb7 19. Bxb7 Qxb7 20. a4 bxa4 21. Rfb1
Qb5 22. Qxc4 Qf5 23. Qe2 Qc2 24. Kf2 Be7 25. Ne4 Qb3 26. Nd2 Qc2 27. Ne4 Qb3
28. Nd2 Qc2 29. Qd1 Qf5 30. Qf3 Rab8 31. Qe4 Qb5 32. Qc2 Qh5 33. Nf3 Bd6 34. g3
g5 35. fxg5 Rb5 36. Kg2 f6 37. Qe4 fxg5 38. Qxe6+ Kh8 39. g4 Qe8 40. Qxe8 Rxe8
41. Kf2 h5 42. Rxa4 hxg4 43. Ne5 Bxe5 44. dxe5 Rbxe5 45. Rxg4 Re2+ 46. Kg1 R8e5
47. Rg2 R2e4 48. Rc2 Kg7 49. Rd1 Kg6 50. Kf2 Kf5 51. c4 Rf4+ 52. Kg2 Rg4+ 53.
Kf2 Rf4+ 1/2-1/2

[Event "Ukraine Chess Championship-2017 U20 G"]
[Site "Lviv"]
[Date "2017.02.24"]
[Round "5.2"]
[White "Osmak, Iulija"]
[Black "Salah, Nadezhda"]
[Result "1-0"]
[WhiteElo "2343"]
[BlackElo "1904"]
[PlyCount "57"]
[EventDate "2017.02.21"]
[EventType "swiss"]
[EventRounds "9"]
[EventCountry "UKR"]

1. e4 e6 2. d4 d5 3. e5 c5 4. c3 Nc6 5. Nf3 Bd7 6. Be2 Nge7 7. Na3 cxd4 8. cxd4
Nf5 9. Nc2 f6 10. Bd3 fxe5 11. Bxf5 exf5 12. dxe5 Qc7 13. O-O Bc5 14. Qxd5 Ne7
15. Qb3 a5 16. Be3 Bxe3 17. Nxe3 Qc6 18. Nc4 Be6 19. Nd6+ Qxd6 20. exd6 Bxb3
21. Rfe1 Kd7 22. Rxe7+ Kxd6 23. Rxb7 Bd5 24. Rd1 Rac8 25. Rxg7 Kc5 26. Nd4 Bxa2
27. Nxf5 Kb4 28. Rb7+ Kc4 29. Nd6+ 1-0

[Event "Ukraine Chess Championship-2017 U20 G"]
[Site "Lviv"]
[Date "2017.02.24"]
[Round "5.3"]
[White "Berdnyk, Mariia"]
[Black "Mats, Diana"]
[Result "1-0"]
[WhiteElo "2190"]
[BlackElo "2012"]
[PlyCount "119"]
[EventDate "2017.02.21"]
[EventType "swiss"]
[EventRounds "9"]
[EventCountry "UKR"]

1. e4 d5 2. exd5 Qxd5 3. Nc3 Qa5 4. d4 c6 5. Nf3 Nf6 6. Bc4 Bf5 7. Bd2 e6 8.
Qe2 Bb4 9. O-O-O Nbd7 10. a3 Bxc3 11. Bxc3 Qc7 12. Ne5 Nxe5 13. Qxe5 Qxe5 14.
dxe5 Nd5 15. Bd2 O-O-O 16. Be2 b6 17. c4 Ne7 18. Bg5 Rxd1+ 19. Rxd1 Re8 20. Bf3
Kc7 21. g4 Bg6 22. b4 Nc8 23. h4 h6 24. Be3 Ne7 25. a4 Rd8 26. Bd4 Bh7 27. a5
Rb8 28. axb6+ axb6 29. Kb2 c5 30. Bc3 Ng6 31. Be4 Nf8 32. Bxh7 Nxh7 33. Ra1 Kb7
34. bxc5 bxc5 35. Kc2 Nf8 36. h5 Nd7 37. f4 Kc6 38. Ra6+ Rb6 39. Ra8 Rb8 40.
Rxb8 Nxb8 41. Ba5 Kd7 42. Bb6 Kc6 43. Ba5 Kd7 44. Kd3 Nc6 45. Bb6 Nb4+ 46. Kc3
Kc6 47. Ba5 Na6 48. f5 Nb8 49. Bd8 Kd7 50. f6 gxf6 51. Bxf6 Ke8 52. Bg7 Nd7 53.
Bf6 Kf8 54. Kb3 Ke8 55. Ka4 Nxf6 56. exf6 e5 57. Kb3 Kd7 58. g5 e4 59. gxh6 e3
60. Kc3 1-0

[Event "Ukraine Chess Championship-2017 U20 G"]
[Site "Lviv"]
[Date "2017.02.25"]
[Round "6.1"]
[White "Bezkorovaina, Mariia"]
[Black "Osmak, Iulija"]
[Result "0-1"]
[WhiteElo "2125"]
[BlackElo "2343"]
[Annotator ",Àäìèíèñòðàòîð"]
[PlyCount "126"]
[EventDate "2017.02.21"]
[EventType "swiss"]
[EventRounds "9"]
[EventCountry "UKR"]

1. e4 e5 2. Nf3 Nc6 3. Bb5 a6 4. Ba4 Nf6 5. O-O b5 6. Bb3 Be7 7. d4 d6 8. dxe5
Nxe5 9. Nxe5 dxe5 10. Qxd8+ Bxd8 11. Be3 Be7 12. a4 Bb7 13. axb5 axb5 14. Rxa8+
Bxa8 15. Nc3 Bxe4 16. Nxb5 c6 17. Nc7+ Kd7 18. Na6 Ra8 19. Rd1+ Bd5 20. Bc4 Kc8
21. Be2 Nd7 22. b4 f5 23. b5 f4 24. Bc1 Nb6 25. Bd2 Bc4 26. Bf3 Bxb5 27. Nb4
Kc7 28. g3 Nc4 29. Be1 Bd6 30. Be4 g6 31. Nd3 Ra4 32. Bg2 Ra2 33. gxf4 exf4 34.
Rc1 Na3 35. Ba5+ Kb7 36. Bb4 Bxb4 37. Nxb4 Rb2 38. c3 Kb6 39. Be4 Rd2 40. c4
Ba4 41. Ra1 Rd1+ 42. Rxd1 Bxd1 43. Nxc6 Nxc4 44. Nd4 Nd2 45. Ba8 Bg4 46. Kg2
Kc5 47. Nf3 Nxf3 48. Bxf3 Be6 49. Be4 Kd4 50. Kf3 Ke5 51. Bc2 Bf5 52. Bb3 g5
53. Bf7 Bh3 54. Bc4 g4+ 55. Ke2 Bg2 56. Bf7 Kf5 57. Ke1 Kg5 58. Bg8 h6 59. Bc4
Kh4 60. Be2 Kh3 61. Bd1 h5 62. f3 g3 63. hxg3 Kxg3 0-1

[Event "Ukraine Chess Championship-2017 U20 G"]
[Site "Lviv"]
[Date "2017.02.25"]
[Round "6.3"]
[White "Barchuk, Irina"]
[Black "Dvornitskaja, Elena"]
[Result "1-0"]
[WhiteElo "2139"]
[BlackElo "1836"]
[PlyCount "85"]
[EventDate "2017.02.21"]
[EventType "swiss"]
[EventRounds "9"]
[EventCountry "UKR"]

1. e4 d6 2. d4 g6 3. Nc3 Bg7 4. f4 Nc6 5. d5 Nd4 6. Nce2 c5 7. Nxd4 Bxd4 8. Nf3
Bg7 9. c4 Nf6 10. Bd3 O-O 11. O-O e6 12. e5 Ne8 13. Be4 Qc7 14. Qc2 f5 15. Bd3
dxe5 16. fxe5 Bxe5 17. Nxe5 Qxe5 18. Bh6 Rf7 19. Rae1 Qf6 20. b3 e5 21. Bc1 e4
22. Bb2 Qd6 23. Qc3 Ng7 24. Bxe4 Bd7 25. Bb1 Raf8 26. h4 h6 27. h5 g5 28. Bxf5
Bxf5 29. Rxf5 Qd7 30. Rfe5 Qg4 31. Re7 Qd4+ 32. Qxd4 cxd4 33. Rxf7 Rxf7 34.
Bxd4 Nxh5 35. Bxa7 g4 36. Bc5 Nf4 37. Re8+ Kh7 38. Re7 Rxe7 39. Bxe7 Kg6 40.
Kf2 h5 41. d6 Kf7 42. Bg5 Ng6 43. d7 1-0

[Event "Ukraine Chess Championship-2017 U20 G"]
[Site "Lviv"]
[Date "2017.02.26"]
[Round "7.2"]
[White "Tribushna, Hanna"]
[Black "Martynkova, Olena"]
[Result "0-1"]
[WhiteElo "1706"]
[BlackElo "2202"]
[PlyCount "78"]
[EventDate "2017.02.21"]
[EventType "swiss"]
[EventRounds "9"]
[EventCountry "UKR"]

1. e4 c5 2. Nc3 Nc6 3. g3 g6 4. Bg2 Bg7 5. d3 d6 6. f4 Nf6 7. Nf3 O-O 8. O-O
Rb8 9. h3 b5 10. g4 Nd7 11. Ne2 b4 12. Qe1 e6 13. Kh1 Ba6 14. Qf2 c4 15. Rd1
cxd3 16. cxd3 Nc5 17. Ne1 Qd7 18. Rb1 b3 19. a3 Na4 20. Nf3 Rfc8 21. Ng3 Na5
22. Ne1 Rc7 23. Be3 Rbc8 24. Rdc1 Rxc1 25. Bxc1 Rc7 26. Be3 Qc8 27. Qd2 Nc6 28.
Ne2 Qd8 29. Nc3 Nxc3 30. bxc3 Rb7 31. e5 Qc7 32. d4 d5 33. Nd3 Bxd3 34. Qxd3
Na5 35. Bc1 Nc4 36. Qe2 Bf8 37. a4 Qa5 38. Qxc4 dxc4 39. Bxb7 Qxc3 0-1

[Event "Ukraine Chess Championship-2017 U20 G"]
[Site "Lviv"]
[Date "2017.02.26"]
[Round "7.3"]
[White "Berdnyk, Mariia"]
[Black "Salah, Nadezhda"]
[Result "1/2-1/2"]
[WhiteElo "2190"]
[BlackElo "1904"]
[PlyCount "162"]
[EventDate "2017.02.21"]
[EventType "swiss"]
[EventRounds "9"]
[EventCountry "UKR"]

1. e4 e6 2. d4 d5 3. Nc3 Nc6 4. Nf3 Nf6 5. e5 Ne4 6. Bd3 Bb4 7. Bd2 Nxd2 8.
Qxd2 Bd7 9. a3 Ba5 10. b4 Bb6 11. Ne2 f6 12. Qf4 fxe5 13. dxe5 Qe7 14. c3 O-O-O
15. O-O Rdf8 16. Qg3 g5 17. Nfd4 h5 18. Rab1 h4 19. Nxc6 Bxc6 20. Qg4 h3 21. g3
d4 22. Nxd4 Bxd4 23. Qxd4 Qd7 24. Qxd7+ Kxd7 25. Rbd1 Ke7 26. Rfe1 Ba4 27. Rc1
Rd8 28. Bc2 Bc6 29. Be4 Rd2 30. Bxc6 bxc6 31. Red1 Re2 32. Kf1 Rxe5 33. Rd3 Rd5
34. Rcd1 Rhd8 35. Ke2 Re5+ 36. Re3 Red5 37. Rdd3 Kf6 38. Rf3+ Kg6 39. g4 Re5+
40. Rfe3 Rxd3 41. Kxd3 Rd5+ 42. Ke2 Kf6 43. Rxh3 c5 44. Rh7 cxb4 45. axb4 c5
46. b5 c4 47. Rxa7 Rxb5 48. Rc7 Rb8 49. Kf3 Rd8 50. Rxc4 Rd3+ 51. Kg2 Ke5 52.
f3 Rd1 53. h3 Rc1 54. Re4+ Kf6 55. Re3 Kf7 56. Re5 Kf6 57. Rc5 Kg6 58. c4 Kf6
59. Kg3 Rg1+ 60. Kh2 Rf1 61. Rc8 Ke5 62. Kg3 Rg1+ 63. Kf2 Rh1 64. Rg8 Kf4 65.
Rf8+ Ke5 66. c5 Rxh3 67. c6 Rh2+ 68. Kg3 Rc2 69. Rc8 Kd6 70. Rg8 Rc5 71. Rg6
Re5 72. Rf6 Kxc6 73. f4 Re3+ 74. Kf2 gxf4 75. Rxf4 Ra3 76. Rd4 e5 77. Rd8 Kc5
78. g5 e4 79. g6 Rf3+ 80. Ke2 Rg3 81. Rg8 Kd6 1/2-1/2

[Event "Ukraine Chess Championship-2017 U20 G"]
[Site "Lviv"]
[Date "2017.02.27"]
[Round "8.1"]
[White "Berdnyk, Mariia"]
[Black "Osmak, Iulija"]
[Result "0-1"]
[WhiteElo "2190"]
[BlackElo "2343"]
[PlyCount "100"]
[EventDate "2017.02.21"]
[EventType "swiss"]
[EventRounds "9"]
[EventCountry "UKR"]

1. e4 d6 2. d4 Nf6 3. Nc3 e5 4. Nf3 Nbd7 5. Bc4 Be7 6. O-O O-O 7. Re1 c6 8. a4
a5 9. h3 Nb6 10. Bb3 Nfd7 11. Be3 exd4 12. Nxd4 Nc5 13. Nf5 Bxf5 14. exf5 Nxb3
15. cxb3 Nd7 16. Bf4 d5 17. Qc2 Nc5 18. Rad1 Re8 19. f6 Bxf6 20. Rxe8+ Qxe8 21.
Nxd5 cxd5 22. Qxc5 d4 23. Rc1 Qe6 24. Bg5 b6 25. Qb5 Bxg5 26. Qxg5 d3 27. Qe3
Qxb3 28. Rc3 Qxa4 29. Rxd3 Qa1+ 30. Kh2 Qxb2 31. Rb3 Qc2 32. Qxb6 h6 33. Rf3
Qe4 34. Qb5 a4 35. Qd7 Qc4 36. Qb7 Rd8 37. Qe7 Rc8 38. Rg3 Qf4 39. Qd7 Rb8 40.
Qd1 g6 41. Kg1 Rb2 42. Qf3 Rb1+ 43. Kh2 Qb8 44. Qa3 h5 45. h4 Qf4 46. Qe7 Qxf2
47. Qd8+ Kg7 48. Rf3 Qg1+ 49. Kg3 Qe1+ 50. Kh2 Qe5+ 0-1

[Event "Ukraine Chess Championship-2017 U20 G"]
[Site "Lviv"]
[Date "2017.02.27"]
[Round "8.2"]
[White "Martynkova, Olena"]
[Black "Vernigora, Alexandra"]
[Result "1-0"]
[WhiteElo "2202"]
[BlackElo "1610"]
[PlyCount "79"]
[EventDate "2017.02.21"]
[EventType "swiss"]
[EventRounds "9"]
[EventCountry "UKR"]

1. d4 Nf6 2. g3 g6 3. Bg2 Bg7 4. c4 O-O 5. Nf3 d6 6. O-O Nc6 7. Nc3 a6 8. Qd3
e5 9. dxe5 Nxe5 10. Nxe5 dxe5 11. Qxd8 Rxd8 12. Bg5 h6 13. Bxf6 Bxf6 14. Nd5
Bg7 15. Nxc7 Rb8 16. e4 Rd4 17. b3 Be6 18. Rfd1 Rc8 19. Rxd4 exd4 20. Nxe6 fxe6
21. e5 Rc7 22. f4 Bf8 23. Kf2 b6 24. Ke2 a5 25. Kd3 Bc5 26. Be4 g5 27. Rf1 gxf4
28. gxf4 Rg7 29. Rf3 Rg4 30. Rg3 Rxg3+ 31. hxg3 Kg7 32. g4 Kf7 33. Bb7 Kg6 34.
Bc8 Kf7 35. Ke4 Ke7 36. f5 exf5+ 37. gxf5 h5 38. f6+ Ke8 39. e6 h4 40. Bb7 1-0

[Event "Ukraine Chess Championship-2017 U20 G"]
[Site "Lviv"]
[Date "2017.02.27"]
[Round "8.3"]
[White "Salah, Nadezhda"]
[Black "Bezkorovaina, Mariia"]
[Result "0-1"]
[WhiteElo "1904"]
[BlackElo "2125"]
[PlyCount "66"]
[EventDate "2017.02.21"]
[EventType "swiss"]
[EventRounds "9"]
[EventCountry "UKR"]

1. Nf3 Nf6 2. g3 g6 3. Bg2 Bg7 4. O-O O-O 5. d3 c5 6. Nbd2 Nc6 7. a4 b6 8. Nc4
Bb7 9. e4 d5 10. exd5 Nxd5 11. Bd2 Qc7 12. Qc1 Rfe8 13. Bh6 Bh8 14. Re1 Ndb4
15. Na3 Rad8 16. Bh3 Nd4 17. Nxd4 Bxd4 18. Bg2 Bxg2 19. Kxg2 Qc6+ 20. f3 Qxa4
21. Re4 Qc6 22. Nc4 b5 23. Ne5 Qd5 24. c4 Qb7 25. Qf4 f5 26. Rxd4 Rxd4 27. Qg5
Rd6 28. d4 cxd4 29. c5 Re6 30. Qf4 Qd5 31. Re1 Nc2 32. Re2 Ne3+ 33. Kh3 Qxe5
0-1

[Event "Ukraine Chess Championship-2017 U20 G"]
[Site "Lviv"]
[Date "2017.02.28"]
[Round "9.1"]
[White "Osmak, Iulija"]
[Black "Tribushna, Hanna"]
[Result "1-0"]
[WhiteElo "2343"]
[BlackElo "1706"]
[PlyCount "61"]
[EventDate "2017.02.21"]
[EventType "swiss"]
[EventRounds "9"]
[EventCountry "UKR"]

1. e4 c6 2. d4 d5 3. e5 Qb6 4. c3 Nh6 5. Nf3 Bg4 6. h3 Bxf3 7. Qxf3 e6 8. Bd3
c5 9. dxc5 Bxc5 10. b4 Be7 11. O-O Nc6 12. Re1 Ng8 13. Na3 h5 14. Rb1 g6 15. c4
dxc4 16. Nxc4 Qc7 17. b5 Nd4 18. Qe4 Nf5 19. b6 axb6 20. Rxb6 Rb8 21. Bd2 Bc5
22. Rb5 Nge7 23. Rc1 b6 24. Nxb6 Rxb6 25. Rcxc5 Rc6 26. Rxc6 Nxc6 27. Rc5 Nfe7
28. Bg5 Qa7 29. Rxc6 Nxc6 30. Qxc6+ Kf8 31. Qc8+ 1-0

[Event "Ukraine Chess Championship-2017 U20 G"]
[Site "Lviv"]
[Date "2017.02.28"]
[Round "9.2"]
[White "Svetlichnaia, Alena"]
[Black "Martynkova, Olena"]
[Result "0-1"]
[WhiteElo "1843"]
[BlackElo "2202"]
[PlyCount "50"]
[EventDate "2017.02.21"]
[EventType "swiss"]
[EventRounds "9"]
[EventCountry "UKR"]

1. e4 c5 2. Nf3 e6 3. d4 cxd4 4. Nxd4 Nc6 5. c4 Nf6 6. Nc3 Bb4 7. Qd3 O-O 8.
Nc2 Bxc3+ 9. bxc3 d5 10. cxd5 exd5 11. exd5 Nxd5 12. Be2 Be6 13. O-O Rc8 14. c4
Ndb4 15. Nxb4 Nxb4 16. Qb3 a5 17. a3 Nc6 18. Qxb7 Nd4 19. Bd3 Rb8 20. Qe4 Bf5
21. Qe3 Re8 22. Qxe8+ Qxe8 23. Bxf5 Nxf5 24. Bf4 Rc8 25. Rfe1 Qa4 0-1